Costing the earth : the challenge for governments, the opportunities for business /

Bibliographic Details
Main Author: Cairncross, Frances
Format: Book
Published: Boston: Havard Business School Press, 1992.
Subjects:
LEADER 00808cam a2200253 7i4500
001 0000055597
005 20151104090000.0
005 ##20151104173900.0
002 ##000002549
003 ##MY-KlINT
008 151104 00010 eng
020 # # |a 0875483158  
039 # 9 |y 201511041739  |z VLOAD 
090 0 0 |a 363.7056 CAI  
100 1 # |a Cairncross, Frances 
245 0 0 |a Costing the earth :   |b the challenge for governments, the opportunities for business /   |c Frances Cairncross. 
260 # # |a Boston:   |b Havard Business School Press,   |c 1992. 
300 # # |a 341 p;   |c 24cm. 
650 # 0 |a Marketin --   |x Social aspects  
650 # 0 |a Environmental policy  
996 |a ikwas2000.out 
997 |a 3000034656  |b IKWS  |c MNF  |d BOK 
998 |a 0000002526 
999 |a 3000034656  |b BOOK  |c Main Non-Fiction  |e INTAN Kampus Wilayah Selatan